000
00271nam a22001217a 4500
008
171108b xxu||||| |||| 00| 0 eng d
041
_a
eng
080
_2
2ND
_a
330.322
100
_a
64
101
_a
INV
245
_a
THE INTELLIGENT INVESTOR
_c
GRAHAM,B
942
_2
udc
_c
BK
999
_c
38187
_d
38187